[Event "Kimry Winter op 41st"]
[Site "Kimry"]
[Date "2008.11.15"]
[Round "1"]
[White "Markov, Mikhail1111"]
[Black "Sakhnov, Evgeny"]
[Result "1-0"]
[WhiteElo "1925"]
[BlackElo "2101"]
[PlyCount "63"]
[EventDate "2008.11.15"]
[EventType "swiss"]
[EventRounds "7"]
[EventCountry "RUS"]
[SourceTitle "EXT 2022"]
[Source "ChessBase"]
[SourceDate "2021.10.06"]
[SourceVersion "1"]
[SourceVersionDate "2021.10.06"]
[SourceQuality "1"]

1. e4 e5 2. Nf3 Nc6 3. Nc3 Nf6 4. Bb5 d6 5. h3 Be7 6. d4 exd4 7. Nxd4 Bd7 8. 0-0 0-0 9. Bxc6 bxc6 10. Re1 Re8 11. Qf3 Qc8 12. e5 dxe5 13. Rxe5 Bd6 14. Rxe8+ Qxe8 15. Bg5 Qe5 16. Nxc6 Re8 17. Nxe5 Bxe5 18. Bxf6 Bxf6 19. Rd1 Be6 20. Nd5 Be5 21. Re1 Bd6 22. Nf4 g6 23. Nxe6 fxe6 24. Qf6 e5 25. a3 Rf8 26. Qe6+ Kg7 27. b4 Rf6 28. Qd5 Rf5 29. c4 e4 30. Qd4+ Kh6 31. Rxe4 g5 32. Re6+ 1-0

[Event "Kimry-ch"]
[Site "Kimry"]
[Date "2008.01.06"]
[Round "6"]
[White "Kolpakov, Nikolay Anastasievi"]
[Black "Sakhnov, Evgeny"]
[Result "0-1"]
[WhiteElo "2221"]
[BlackElo "2119"]
[PlyCount "106"]
[EventDate "2008.01.02"]
[EventType "swiss"]
[EventRounds "9"]
[EventCountry "RUS"]
[SourceTitle "CBM 122 Extra"]
[Source "ChessBase"]
[SourceDate "2008.03.04"]
[SourceVersion "1"]
[SourceVersionDate "2008.03.04"]
[SourceQuality "1"]

1. c4 Nf6 2. Nc3 d5 3. cxd5 Nxd5 4. d4 e6 5. e4 Nxc3 6. bxc3 Be7 7. Nf3 0-0 8. Bd3 b6 9. 0-0 Bb7 10. Qe2 c5 11. Be3 Nd7 12. Rfd1 Qc7 13. Rac1 Rac8 14. Bb1 Rfe8 15. h4 Nf8 16. h5 f6 17. Nh2 Bd6 18. Nf1 Qf7 19. a4 Kh8 20. f4 f5 21. e5 Be7 22. Ba2 cxd4 23. cxd4 h6 24. Bf2 g5 25. hxg6 Nxg6 26. Bg3 Ba3 27. Rxc8 Rxc8 28. Qd3 Bf8 29. d5 Bc5+ 30. Kh1 exd5 31. Bxd5 Bxd5 32. Qxd5 Qxd5 33. Rxd5 Re8 34. a5 Ne7 35. Rd7 bxa5 36. Bh4 Kg8 37. Ng3 a4 38. Rc7 Rc8 39. Rxc8+ Nxc8 40. Nxf5 a3 41. Be1 Nb6 42. Bc3 Nd5 43. Ba1 Nxf4 44. Nxh6+ Kf8 45. Nf5 Nd3 46. Nd4 Ke7 47. Nb3 Be3 48. g3 Ne1 49. Bc3 Nc2 50. Na1 Nxa1 51. Bxa1 Bc1 52. Kg2 Bb2 53. Kf3 Bxa1 0-1